| 000 | 00489nam a22001697a 4500 | ||
|---|---|---|---|
| 005 | 20251108172152.0 | ||
| 008 | 250721s1985 xx 000 0 ara d | ||
| 082 | 1 | 4 | _aط/ق/أحم |
| 100 | 1 | _aنجيب، أحمد | |
| 245 | 1 | 0 | _aسر المنقار الأحمر / |
| 264 | 1 |
_aبيروت : القاهرة : _bدار المعارف، _c1985. |
|
| 300 | _a15ص : مص | ||
| 490 | 0 | _aماذا تعلم عن ، 1 | |
| 650 | 1 | 7 | _aأدب الأطفال |
| 942 |
_2ddc _cBK |
||
| 999 |
_c72149 _d72149 |
||